|
|
|
|
| LEADER |
00000nab a2200000 4500 |
| 001 |
vtls011988374 |
| 003 |
SK-MaSNL |
| 005 |
20260318122008.0 |
| 008 |
200820c2020 xo br|p || ||00 c0ukr |
| 015 |
|
|
|a SNBRB2020/08
|
| 038 |
|
|
|a SVKPOCL
|
| 040 |
|
|
|a SVKPOCL
|b slo
|c SVKPOCL
|e rda
|
| 041 |
1 |
|
|a ukr
|h ukr
|
| 043 |
|
|
|a e-xo---
|
| 044 |
|
|
|a xo
|c SK
|
| 072 |
|
7 |
|a 930.85
|x Dejiny civilizácie. Kultúrne dejiny
|2 konspekt
|
| 072 |
|
7 |
|a 070
|x Noviny. Tlač. Žurnalistika
|2 konspekt
|
| 072 |
|
7 |
|a 316.7
|x Sociológia kultúry. Kultúrny život
|2 konspekt
|
| 080 |
|
|
|a 070.4-051(438)
|2 2011
|
| 080 |
|
|
|a 37.011.3-051
|2 2011
|
| 080 |
|
|
|a 930-051
|2 2011
|
| 080 |
|
|
|a 316.7-051
|2 2011
|
| 080 |
|
|
|a (438)
|2 2011
|
| 080 |
|
|
|a 070.489
|2 2011
|
| 080 |
|
|
|a 929 Trochanowski, Metodyj
|2 2011
|
| 100 |
1 |
|
|a Gambaľ, Bohdan
|4 aut
|9 710871
|
| 245 |
1 |
0 |
|a 135 rokiv od narodžiňa Mefodija Trochanovskoho
|c Bogdan Gambaľ ; pereklad iz ukrajiňskoho jazўka: A.Z.
|
| 246 |
3 |
|
|a Sto trydcjať pjať rokiv od narodžiňa Mefodija Trochanovskoho
|
| 300 |
|
|
|b Fotografie
|
| 336 |
|
|
|a text
|b txt
|2 rdacontent
|
| 337 |
|
|
|a bez média
|b n
|2 rdamedia
|
| 338 |
|
|
|a zväzok
|b nc
|2 rdacarrier
|
| 500 |
|
|
|a V článku uvedený rok umrtia 1947
|
| 500 |
|
|
|a Trochanovskij, Metodyj pozri Trochanowski, Metodyj
|
| 500 |
|
|
|a Odkrytie akronymu je s autorovým súhlasom
|
| 600 |
1 |
7 |
|a Trochanowski, Metodyj,
|d 1885-1948
|2 svkpocl
|9 1589799
|
| 610 |
2 |
7 |
|a Rus'ka narodna respublika Lemkiv (Florynka, Poľsko)
|2 svkpocl
|9 1589800
|
| 630 |
0 |
7 |
|a Bukvar: Perša knyžečka dlja narodnўch škol
|2 svkpocl
|9 1589801
|
| 630 |
0 |
7 |
|a Druha knyžečka dlja narodnўch škol
|2 svkpocl
|9 1589802
|
| 630 |
0 |
7 |
|a Lemko
|f (1934-1939)
|g (noviny)
|2 svkpocl
|9 1589803
|
| 648 |
|
7 |
|a 5.5.1885-15.2.1948
|2 svkpocl
|9 1589804
|
| 650 |
0 |
7 |
|a publicisti
|2 SNKPH
|9 63929
|
| 650 |
0 |
7 |
|a pedagógovia
|2 SNKPH
|9 18561
|
| 650 |
0 |
7 |
|a kultúrni pracovníci
|2 SNKPH
|9 74938
|
| 650 |
0 |
7 |
|a osobnosti
|2 SNKPH
|9 29820
|
| 650 |
0 |
7 |
|a biografia
|2 SNKPH
|9 71085
|
| 650 |
0 |
7 |
|a redaktori
|2 SNKPH
|9 30176
|
| 650 |
0 |
7 |
|a novinári
|2 SNKPH
|9 24785
|
| 650 |
0 |
7 |
|a rusínčina
|2 SNKPH
|9 51510
|
| 650 |
0 |
7 |
|a politickí aktivisti
|2 SNKPH
|9 4746
|
| 651 |
|
7 |
|a Poľsko
|2 SNKPH
|9 16755
|
| 651 |
|
7 |
|a Vroclav (Poľsko)
|2 SNKPH
|9 86348
|
| 651 |
|
7 |
|a Binczarowa (Poľsko)
|2 svkpocl
|9 1589805
|
| 651 |
|
7 |
|a Starý Sacz (Poľsko)
|2 svkpocl
|9 1099446
|
| 651 |
|
7 |
|a Viedeň (Rakúsko)
|2 SNKPH
|
| 651 |
|
7 |
|a Rakúsko-Uhorsko
|2 SNKPH
|9 36860
|
| 651 |
|
7 |
|a Krosno (Poľsko)
|2 SNKPH
|9 28718
|
| 655 |
|
7 |
|a biografie
|2 SNKPH
|9 27965
|
| 700 |
1 |
|
|a Zozuľák, Alexander,
|d 1953-
|4 trl
|9 103738
|
| 773 |
0 |
|
|t Rusyn
|g Roč. XXX, č. 4 (2020), s. 27
|x 1339-5483
|
| 787 |
0 |
8 |
|i Spracované podľa knihy:
|a Magocsi, Paul Robert, 1945-
|t Encyklopedija istoriji ta kuľtury karpats'kych rusyniv
|d Užhorod: Vydavnyctvo V. Padjaka, 2010
|z 9789663870441
|w vtls010284365
|
| 787 |
0 |
8 |
|i Spracované podľa knihy:
|a Pop, Ivan, 1938-
|t Encyklopedija istoriji ta kuľtury karpats'kych rusyniv
|d Užhorod: Vydavnyctvo Valerija Padjaka, 2010
|z 9789663870441
|w vtls010284365
|
| 852 |
|
|
|a SVKPO
|b KIS3GCP
|
| 856 |
4 |
2 |
|u https://wikivisually.com/wiki/Metodyj_Trochanovskij
|
| 856 |
4 |
2 |
|u https://en.wikipedia.org/wiki/Metodyj_Trochanovskij
|
| 958 |
|
|
|a PL
|
| 958 |
|
|
|a BC
|
| 958 |
|
|
|a SS
|
| 958 |
|
|
|a NM
|
| 999 |
|
|
|c 3258317
|d 3260247
|